Wu Assassin Characters - Statistics

General Stats
  • This quiz has been taken 28 times
  • The average score is 7 of 15
Answer Stats
Hint Answer % Correct
Restaurant owner later becoming the Fire Wu Jenny Wah
100%
The Wu Assassin Kai Jin
100%
Brother of the above, former drug addict Tommy Wah
86%
Leader of the Triad and former Fire Wu Uncle Six
86%
Undercover cop working with the Wu Assassin Christine Gavin
71%
Works in car theft close friend of the Wu Assassin Lu Xin Lee
71%
Right hand of the Triad leader later she becomes the Triad leader Zan
43%
The Wood Wu wants to go back to his family Allec McCullough
29%
The Metal Wu Gideon
29%
The first Wu Assassin Ying Ying
29%
Captain of the SFPD Frank Fletcher
14%
The Earth Wu James Baxter
14%
Sous-Chef of the restaurant of #3 Jimmy
14%
The Water Wu Miss Jones
14%
Neighbor of the Wu Assassin who has his own shop Mr. Young
14%
No matching quizzes found
Score Distribution
Percent of People with Each Score
Percentile by Number Answered
Your Score History
You have not taken this quiz